South West England - Biggest Places - Statistics

General Stats
  • This quiz has been taken 40 times
  • The average score is 38 of 100
Answer Stats
# Place Name County Population % Correct
1 Bristol City of ______ 425,232
100%
8 Gloucester Gloucestershire 118,541
100%
2 Plymouth Devon 266,983
100%
10 Bath Somerset 94,092
92%
3 Bournemouth Dorset 196,445
92%
7 Exeter Devon 126,156
92%
4 Swindon Wiltshire 183,638
88%
11 Weston-super-Mare Somerset 84,628
88%
9 Cheltenham Gloucestershire 115,959
80%
6 Poole Dorset 140,977
80%
13 Taunton Somerset 61,674
80%
33 Truro Cornwall 23,047
80%
15 Torquay Devon 52,037
72%
16 Yeovil Somerset 50,176
72%
21 Chippenham Wiltshire 36,092
64%
17 Christchurch Dorset 48,979
64%
34 Dorchester Dorset 21,366
64%
14 Weymouth Dorset 55,543
64%
59 Penzance Cornwall 14,958
60%
19 Salisbury Wiltshire 47,690
60%
20 Trowbridge Wiltshire 43,744
60%
22 Exmouth Devon 35,488
56%
26 Frome Somerset 27,898
56%
31 St Austell Cornwall 24,375
56%
28 Stroud Gloucestershire 26,077
56%
30 Newquay Cornwall 24,547
52%
77 Wells Somerset 12,110
52%
18 Bridgwater Somerset 47,852
48%
47 Cirencester Gloucestershire 17,734
48%
32 Falmouth Cornwall 24,071
48%
12 Paignton Devon 67,488
48%
45 Warminster Wiltshire 18,016
48%
25 Yate Gloucestershire 28,351
48%
48 Bodmin Cornwall 16,922
44%
42 Devizes Wiltshire 19,472
44%
82 Minehead Somerset 11,757
44%
61 Tewkesbury Gloucestershire 14,393
44%
40 Tiverton Devon 19,708
44%
38 Camborne Cornwall 20,452
40%
86 Filton Gloucestershire 10,960
40%
5 Kingswood / Fishponds Gloucestershire 160,260
40%
24 Newton Abbot Devon 29,638
40%
27 Portishead Somerset 26,366
40%
55 Redruth Cornwall 15,453
40%
100 Swanage Dorset 9,113
40%
23 Barnstaple Devon 31,276
36%
41 Bideford Devon 19,487
36%
76 Honiton Devon 12,154
36%
43 Keynsham Somerset 19,261
36%
69 Sidmouth Devon 13,262
36%
51 Westbury Wiltshire 16,404
36%
81 Blandford Forum Dorset 11,796
32%
75 Bridport Dorset 12,287
32%
46 Brixham Devon 17,834
32%
44 Melksham Wiltshire 18,271
32%
96 Shepton Mallet Somerset 9,648
32%
57 Teignmouth Devon 15,312
32%
53 Burnham on Sea Somerset 16,315
28%
98 Ilfracombe Devon 9,202
28%
70 Royal Wootton Bassett Wiltshire 13,006
28%
36 Clevedon Somerset 21,078
24%
80 Dawlish Devon 11,797
24%
85 Gillingham Dorset 11,007
24%
87 Liskeard Cornwall 10,902
24%
56 Saltash Cornwall 15,437
24%
99 Shaftesbury Dorset 9,162
24%
71 Street Somerset 12,709
24%
62 Chard Somerset 14,287
20%
91 Sherborne Dorset 10,365
20%
97 Totnes Devon 9,214
20%
94 Bradford on Avon Wiltshire 9,865
16%
39 Calne Wiltshire 19,732
16%
83 Helston Cornwall 11,366
16%
79 Kingsteignton Devon 11,935
16%
95 Lydney Gloucestershire 9,663
16%
64 Midsomer Norton Somerset 13,758
16%
54 Nailsea Somerset 15,917
16%
50 Patchway Gloucestershire 16,518
16%
73 Tavistock Devon 12,675
16%
60 Thornbury Gloucestershire 14,496
16%
49 Wimborne Minster Dorset 16,630
16%
72 Amesbury Wiltshire 12,676
12%
52 Bishop's Cleeve Gloucestershire 16,319
12%
29 Bradley Stoke Gloucestershire 25,199
12%
78 Brockworth Gloucestershire 12,002
12%
65 Verwood Dorset 13,716
12%
63 Wellington Somerset 13,810
12%
68 Ferndown Dorset 13,268
8%
74 Ivybridge Devon 12,484
8%
84 Penryn Cornwall 11,194
8%
35 Quedgeley Gloucestershire 21,124
8%
89 Tidworth Wiltshire 10,692
8%
67 Churchdown Gloucestershire 13,475
4%
88 Corsham Wiltshire 10,888
4%
58 Frampton Cotterell / Winterbourne Gloucestershire 14,968
4%
93 Radstock Somerset 9,980
4%
66 Stoke Gifford Gloucestershire 13,476
4%
92 Corfe Mullen Dorset 10,042
0%
37 Stratton St. Margaret Wiltshire 20,688
0%
90 West Moors Dorset 10,434
0%
No matching quizzes found
Score Distribution
Percent of People with Each Score
Percentile by Number Answered
Your Score History
You have not taken this quiz